[Event "Titled Tuesday intern op 12th Sep Late"]
[Site "Chess.com INT"]
[Date "2023.09.12"]
[Round "2"]
[White "Bogaudinov, Rushan"]
[Black "Benyahia, Safine"]
[Result "0-1"]
[WhiteElo "1853"]
[BlackElo "1670"]
[PlyCount "138"]
[EventDate "2023.09.12"]
[EventType "swiss (blitz)"]
[EventRounds "11"]
[EventCountry "USA"]
[SourceTitle "EXT 2024"]
[Source "ChessBase"]
[SourceDate "2023.10.10"]
[SourceVersion "1"]
[SourceVersionDate "2023.10.10"]
[SourceQuality "1"]

1. d4 Nf6 2. g3 g6 3. Bg2 Bg7 4. e4 d6 5. Nf3 0-0 6. Nc3 e5 7. 0-0 Re8 8. dxe5 dxe5 9. Qxd8 Rxd8 10. Nxe5 Nxe4 11. Nxg6 Nxc3 12. Ne7+ Kf8 13. bxc3 Kxe7 14. Ba3+ Kf6 15. Rfe1 Bf8 16. Bb2 Kg7 17. c4+ Kg8 18. Re5 f6 19. Bd5+ Kg7 20. Rg5+ Kh6 21. Bxf6 Rd6 22. Rg8 Rxf6 23. Re1 c6 24. Bg2 Be6 25. Rxf8 Rxf8 26. Rxe6+ Kg7 27. f4 Nd7 28. Rd6 Nf6 29. Rd3 Rad8 30. Rb3 b6 31. Bxc6 Rd1+ 32. Kg2 Rd2+ 33. Kf3 Rxc2 34. g4 Rxc4 35. Bb7 Rf7 36. Ba6 Ra4 37. Bb5 Rxa2 38. f5 a6 39. Bc4 Rc7 40. Be6 b5 41. h3 Rac2 42. Kf4 h6 43. Rb1 Rb7 44. h4 Rf2+ 45. Kg3 Ne4+ 46. Kh3 Rf3+ 47. Kg2 Rg3+ 48. Kh2 Rc7 49. Re1 Rc2+ 50. Kh1 Nf2+ 51. Kh2 Re3 52. Rxe3 Nxg4+ 53. Kg3 Nxe3 54. Kf4 Nc4 55. Bd5 b4 56. Be4 Rc3 57. Bb1 b3 58. Ke4 Nd2+ 59. Ke5 Nxb1 60. f6+ Kf7 61. Kd4 b2 62. h5 Rc6 63. Ke5 Nd2 64. Kd4 Rc8 65. Kd3 b1Q+ 66. Ke2 Qb3 67. Kf2 Ne4+ 68. Kg2 Rc2+ 69. Kh1 Qb1# 0-1

[Event "Titled Tuesday intern op 12th Sep Late"]
[Site "Chess.com INT"]
[Date "2023.09.12"]
[Round "3"]
[White "Ismayil, Malak"]
[Black "Benyahia, Safine"]
[Result "1-0"]
[WhiteElo "2148"]
[BlackElo "1670"]
[PlyCount "57"]
[EventDate "2023.09.12"]
[EventType "swiss (blitz)"]
[EventRounds "11"]
[EventCountry "USA"]
[SourceTitle "EXT 2024"]
[Source "ChessBase"]
[SourceDate "2023.10.10"]
[SourceVersion "1"]
[SourceVersionDate "2023.10.10"]
[SourceQuality "1"]

1. e4 c5 2. Nf3 Nc6 3. d4 cxd4 4. Nxd4 e5 5. Nxc6 bxc6 6. Bc4 Nf6 7. Qe2 Bc5 8. 0-0 0-0 9. Nc3 d5 10. exd5 cxd5 11. Bb3 d4 12. Ne4 Nxe4 13. Qxe4 Rb8 14. Qxe5 Bd6 15. Qh5 Qf6 16. Bg5 Qf5 17. Qh4 Ba6 18. Rfe1 d3 19. cxd3 Bxd3 20. Rad1 Rb4 21. Qh5 Rg4 22. Rxd3 Rxg5 23. Qf3 Qg6 24. g3 Rf5 25. Qe2 Bc5 26. Rf3 Rh5 27. Qe4 Qh6 28. Bxf7+ Kh8 29. Bxh5 1-0

[Event "Titled Tuesday intern op 24th Aug"]
[Site "Chess.com INT"]
[Date "2021.08.24"]
[Round "10"]
[White "Benyahia, Safine"]
[Black "Petrova, Irina"]
[Result "1-0"]
[WhiteElo "1536"]
[BlackElo "2110"]
[PlyCount "137"]
[EventDate "2021.08.24"]
[EventType "swiss (blitz)"]
[EventRounds "11"]
[EventCountry "USA"]
[SourceTitle "EXT 2022"]
[Source "ChessBase"]
[SourceDate "2021.10.06"]
[SourceVersion "1"]
[SourceVersionDate "2021.10.06"]
[SourceQuality "1"]

1. e4 d6 2. d4 Nf6 3. Nc3 e5 4. dxe5 dxe5 5. Qxd8+ Kxd8 6. Nf3 Bd6 7. Bg5 Ke8 8. Bc4 a6 9. a4 Bg4 10. h3 Bxf3 11. gxf3 Nbd7 12. Rg1 c6 13. Ne2 Ke7 14. Ng3 g6 15. h4 b5 16. axb5 axb5 17. Rxa8 Rxa8 18. Bf1 Ra1+ 19. Kd2 h6 20. Be3 Nc5 21. Bxh6 Ne6 22. Be3 Nd4 23. Bxd4 exd4 24. Ne2 c5 25. Bh3 Bf4+ 26. Kd3 Rxg1 27. Nxg1 Bc1 28. b4 Kd6 29. Ne2 Bb2 30. Bc8 c4+ 31. Kd2 Nd7 32. Bxd7 Kxd7 33. f4 Ba3 34. c3 dxc3+ 35. Kxc3 Kc6 36. Nd4+ Kb6 37. f5 Bc1 38. fxg6 fxg6 39. Ne6 Bh6 40. f4 Kc6 41. Nd4+ Kb6 42. f5 gxf5 43. Nxf5 Bf4 44. h5 Be5+ 45. Kc2 Kc6 46. h6 Kd7 47. Nh4 Bf6 48. Ng6 Ke6 49. h7 Bg7 50. h8Q Bxh8 51. Nxh8 Ke5 52. Kc3 Kxe4 53. Nf7 Kd5 54. Ng5 Ke5 55. Nf3+ Kd5 56. Nd2 Kc6 57. Ne4 Kb6 58. Kd4 Kc6 59. Ke5 Kb6 60. Kd5 Ka7 61. Kc5 Ka6 62. Kc6 Ka7 63. Kxb5 Ka8 64. Kxc4 Ka7 65. Kb5 Ka8 66. Kc6 Ka7 67. b5 Kb8 68. Kb6 Ka8 69. Kc7 1-0

[Event "Titled Tuesday intern op 24th Aug"]
[Site "Chess.com INT"]
[Date "2021.08.24"]
[Round "5"]
[White "Zemerov, Vladimir"]
[Black "Benyahia, Safine"]
[Result "1-0"]
[WhiteElo "2268"]
[BlackElo "1536"]
[PlyCount "39"]
[EventDate "2021.08.24"]
[EventType "swiss (blitz)"]
[EventRounds "11"]
[EventCountry "USA"]
[SourceTitle "EXT 2022"]
[Source "ChessBase"]
[SourceDate "2021.10.06"]
[SourceVersion "1"]
[SourceVersionDate "2021.10.06"]
[SourceQuality "1"]

1. Nf3 d5 2. d4 Nf6 3. c4 e6 4. Nc3 c5 5. cxd5 exd5 6. Bg5 c4 7. Bxf6 gxf6 8. g3 Nc6 9. Bg2 Bb4 10. 0-0 h5 11. Nh4 Be6 12. e4 dxe4 13. Nxe4 f5 14. d5 fxe4 15. dxe6 fxe6 16. Qa4 Qa5 17. Qc2 0-0-0 18. Qxe4 Rhe8 19. Qxc4 Be7 20. Bxc6 1-0

[Event "Titled Tuesday intern op 17th Aug"]
[Site "Chess.com INT"]
[Date "2021.08.17"]
[Round "6"]
[White "Benyahia, Safine"]
[Black "Pavlov, Danila"]
[Result "0-1"]
[WhiteElo "1536"]
[BlackElo "2383"]
[PlyCount "88"]
[EventDate "2021.08.17"]
[EventType "swiss (blitz)"]
[EventRounds "11"]
[EventCountry "USA"]
[SourceTitle "EXT 2022"]
[Source "ChessBase"]
[SourceDate "2021.10.06"]
[SourceVersion "1"]
[SourceVersionDate "2021.10.06"]
[SourceQuality "1"]

1. e4 e6 2. d4 d5 3. exd5 exd5 4. c4 dxc4 5. Bxc4 Nf6 6. Nf3 Bd6 7. Nc3 0-0 8. 0-0 Nc6 9. Bg5 Bg4 10. Nd5 Be7 11. Nxe7+ Qxe7 12. Re1 Qd6 13. d5 Bxf3 14. Qxf3 Ne5 15. Qc3 Nxc4 16. Qxc4 Nxd5 17. Rad1 Rfe8 18. Rxe8+ Rxe8 19. h3 h6 20. Bf4 Qxf4 21. Qxd5 Re2 22. Qd8+ Kh7 23. Qd3+ Qe4 24. Qxe4+ Rxe4 25. Rd7 Re1+ 26. Kh2 Re2 27. Rxc7 Rxb2 28. Rxf7 Kg6 29. Rd7 Rxf2 30. a4 Ra2 31. Rxb7 Rxa4 32. Rb2 Ra6 33. Rd2 Re6 34. Rc2 a5 35. Rc5 Ra6 36. Rc2 Kf5 37. Kg3 Ke4 38. Kf2 Kd3 39. Rc7 a4 40. Rxg7 a3 41. Rd7+ Kc4 42. Rd1 Kc3 43. Re1 a2 44. Re3+ Kd4 0-1

[Event "Titled Tuesday intern op 17th Aug"]
[Site "Chess.com INT"]
[Date "2021.08.17"]
[Round "5"]
[White "Golizadeh, Asghar"]
[Black "Benyahia, Safine"]
[Result "0-1"]
[WhiteElo "2455"]
[BlackElo "1536"]
[PlyCount "184"]
[EventDate "2021.08.17"]
[EventType "swiss (blitz)"]
[EventRounds "11"]
[EventCountry "USA"]
[SourceTitle "EXT 2022"]
[Source "ChessBase"]
[SourceDate "2021.10.06"]
[SourceVersion "1"]
[SourceVersionDate "2021.10.06"]
[SourceQuality "1"]

1. e4 c5 2. Nf3 d6 3. Bb5+ Bd7 4. Bxd7+ Qxd7 5. 0-0 Nc6 6. Qe2 e6 7. c3 Nf6 8. Rd1 Be7 9. d4 cxd4 10. cxd4 0-0 11. Nc3 a6 12. d5 exd5 13. Nxd5 Nxd5 14. Rxd5 Rac8 15. Bf4 Nb4 16. Rd2 Rfd8 17. a3 Nc6 18. Rad1 Qe6 19. Qd3 Ne5 20. Bxe5 dxe5 21. Qxd8+ Rxd8 22. Rxd8+ Bf8 23. Rb8 Qc6 24. Nxe5 Qc2 25. Rbd8 g6 26. g3 Kg7 27. R8d7 Qxe4 28. Rxf7+ Kh6 29. Rxf8 Qxe5 30. h4 Qxb2 31. Rf7 Qb3 32. Rdd7 Kh5 33. Rxh7+ Kg4 34. Rd4+ Kh3 35. Rhd7 Qb1+ 36. Rd1 Qe4 37. Kf1 Qc4+ 38. R7d3 Qe4 39. Re3 Qc4+ 40. Rdd3 Qc1+ 41. Ke2 Qc2+ 42. Kf3 Qc6+ 43. Kf4 Qf6+ 44. Ke4 Qxf2 45. Kd4 Qf6+ 46. Kc5 Qc6+ 47. Kd4 Qd6+ 48. Kc4 Qc6+ 49. Kb3 Qb5+ 50. Kc2 Qc5+ 51. Kd2 Qa5+ 52. Ke2 Qh5+ 53. Rf3 Qe5+ 54. Kf2 Qc5+ 55. Ke2 Qc2+ 56. Ke3 Qc5+ 57. Kf4 Qf5+ 58. Ke3 Qc5+ 59. Rd4 Qc3+ 60. Ke4 Qc6+ 61. Kd3 Qxf3+ 62. Kc4 Qc6+ 63. Kd3 Kxg3 64. a4 Qf6 65. h5 Qxd4+ 66. Kxd4 gxh5 67. Kc5 h4 68. Kb6 h3 69. Kxb7 h2 70. Kxa6 h1Q 71. Ka7 Qh7+ 72. Kb6 Qg8 73. a5 Qa8 74. a6 Kf4 75. a7 Ke5 76. Ka6 Kd6 77. Kb6 Kd7 78. Ka6 Kc7 79. Kb5 Qxa7 80. Kc4 Qb6 81. Kd5 Qd6+ 82. Kc4 Qe5 83. Kd3 Qf4 84. Kc3 Qe4 85. Kd2 Qf3 86. Kc2 Qe3 87. Kd1 Qf2 88. Kc1 Kc6 89. Kd1 Kc5 90. Kc1 Kc4 91. Kd1 Kc3 92. Kc1 Qc2# 0-1

[Event "Titled Tuesday intern op 17th Aug"]
[Site "Chess.com INT"]
[Date "2021.08.17"]
[Round "1"]
[White "Khabinets, Ivan"]
[Black "Benyahia, Safine"]
[Result "1-0"]
[WhiteElo "1980"]
[BlackElo "1536"]
[PlyCount "59"]
[EventDate "2021.08.17"]
[EventType "swiss (blitz)"]
[EventRounds "11"]
[EventCountry "USA"]
[SourceTitle "EXT 2022"]
[Source "ChessBase"]
[SourceDate "2021.10.06"]
[SourceVersion "1"]
[SourceVersionDate "2021.10.06"]
[SourceQuality "1"]

1. e4 c5 2. Nf3 d6 3. c3 Nf6 4. h3 Nc6 5. Bd3 e6 6. 0-0 Be7 7. Bc2 0-0 8. d4 cxd4 9. cxd4 Nb4 10. Nc3 Nxc2 11. Qxc2 b6 12. Rd1 Bb7 13. Qe2 Rc8 14. Bf4 d5 15. e5 Ne4 16. Bd2 Nxd2 17. Qxd2 Bb4 18. Rac1 Ba6 19. Re1 Qe7 20. Re3 Rc4 21. a3 Bxc3 22. Rexc3 Rfc8 23. h4 Qd7 24. h5 Qb5 25. h6 Rxc3 26. Rxc3 Rxc3 27. Qg5 Rc1+ 28. Kh2 g6 29. Qd8+ Qe8 30. Qxe8# 1-0

[Event "Titled Tuesday intern op 17th Aug"]
[Site "Chess.com INT"]
[Date "2021.08.17"]
[Round "9"]
[White "Matveeva, Olga"]
[Black "Benyahia, Safine"]
[Result "1-0"]
[WhiteElo "2145"]
[BlackElo "1536"]
[PlyCount "25"]
[EventDate "2021.08.17"]
[EventType "swiss (blitz)"]
[EventRounds "11"]
[EventCountry "USA"]
[SourceTitle "EXT 2022"]
[Source "ChessBase"]
[SourceDate "2021.10.06"]
[SourceVersion "1"]
[SourceVersionDate "2021.10.06"]
[SourceQuality "1"]

1. d4 Nf6 2. c4 e6 3. g3 d5 4. Nf3 c5 5. cxd5 Nxd5 6. Bg2 cxd4 7. Nxd4 Bc5 8. 0-0 0-0 9. Nc3 Nc6 10. Nxc6 bxc6 11. a3 a5 12. Qc2 Ba6 13. Nxd5 1-0

[Event "Titled Tuesday intern op 10th Aug"]
[Site "Chess.com INT"]
[Date "2021.08.10"]
[Round "2"]
[White "Benyahia, Safine"]
[Black "Gubanov, Oleg"]
[Result "0-1"]
[WhiteElo "1536"]
[BlackElo "2272"]
[PlyCount "106"]
[EventDate "2021.08.10"]
[EventType "swiss (blitz)"]
[EventRounds "11"]
[EventCountry "USA"]
[SourceTitle "CBM 203 Extra"]
[Source "ChessBase"]
[SourceDate "2021.09.30"]
[SourceVersion "1"]
[SourceVersionDate "2021.09.30"]
[SourceQuality "1"]

1. e4 Nf6 2. e5 Nd5 3. c4 Nb6 4. d4 d6 5. f4 dxe5 6. fxe5 Bf5 7. Bd3 Bxd3 8. Qxd3 Nc6 9. Nf3 e6 10. 0-0 Be7 11. Nc3 Qd7 12. Be3 0-0-0 13. Rfd1 f6 14. exf6 gxf6 15. a3 Na5 16. Nd2 Qc6 17. c5 Bxc5 18. b4 Bxd4 19. Bxd4 Nac4 20. Nxc4 Nxc4 21. Qf3 Qxf3 22. gxf3 e5 23. Bc5 Rdg8+ 24. Kf2 b6 25. Be3 Nxe3 26. Kxe3 Rg2 27. Rd2 Rhg8 28. Rxg2 Rxg2 29. Ra2 Rg1 30. Ne4 f5 31. Nf6 h6 32. Rc2 Ra1 33. Rc3 Ra2 34. Nd5 Rxh2 35. Rxc7+ Kb8 36. Re7 Ra2 37. Rxe5 Rxa3+ 38. Kf4 a5 39. bxa5 bxa5 40. Rxf5 a4 41. Rh5 Rd3 42. Nb4 Rd4+ 43. Kf5 Rxb4 44. Rxh6 Kb7 45. Rh1 a3 46. Ra1 Ra4 47. f4 a2 48. Kg6 Kc7 49. f5 Kd7 50. f6 Ke8 51. f7+ Kf8 52. Re1 Ra6+ 53. Kf5 a1Q 0-1

[Event "Titled Tuesday intern op 10th Aug"]
[Site "Chess.com INT"]
[Date "2021.08.10"]
[Round "8"]
[White "Benyahia, Safine"]
[Black "Von Buelow, Georg"]
[Result "1-0"]
[WhiteElo "1536"]
[BlackElo "2361"]
[PlyCount "51"]
[EventDate "2021.08.10"]
[EventType "swiss (blitz)"]
[EventRounds "11"]
[EventCountry "USA"]
[SourceTitle "CBM 203 Extra"]
[Source "ChessBase"]
[SourceDate "2021.09.30"]
[SourceVersion "1"]
[SourceVersionDate "2021.09.30"]
[SourceQuality "1"]

1. e4 e5 2. Nf3 Nc6 3. Bb5 Nf6 4. 0-0 Nxe4 5. d4 Nd6 6. Bxc6 dxc6 7. dxe5 Nf5 8. Qxd8+ Kxd8 9. Nc3 h6 10. Rd1+ Ke8 11. Ne4 b6 12. b3 a5 13. a4 Bb7 14. Nc3 Be7 15. h3 Rd8 16. Bf4 Rd7 17. Rxd7 Kxd7 18. Rd1+ Kc8 19. Nd4 Nxd4 20. Rxd4 c5 21. Rd1 Rd8 22. Rxd8+ Kxd8 23. Nb5 Kd7 24. e6+ Kxe6 25. Bxc7 Be4 26. Na3 1-0

[Event "Titled Tuesday intern op 10th Aug"]
[Site "Chess.com INT"]
[Date "2021.08.10"]
[Round "11"]
[White "Espinosa, Pedro"]
[Black "Benyahia, Safine"]
[Result "0-1"]
[WhiteElo "1841"]
[BlackElo "1536"]
[PlyCount "96"]
[EventDate "2021.08.10"]
[EventType "swiss (blitz)"]
[EventRounds "11"]
[EventCountry "USA"]
[SourceTitle "CBM 203 Extra"]
[Source "ChessBase"]
[SourceDate "2021.09.30"]
[SourceVersion "1"]
[SourceVersionDate "2021.09.30"]
[SourceQuality "1"]

1. e4 c5 2. Nc3 d6 3. d4 cxd4 4. Qxd4 Nc6 5. Qd2 Nf6 6. b3 e6 7. Bb2 Be7 8. 0-0-0 0-0 9. f4 a6 10. Nf3 b5 11. Rg1 Bb7 12. Bd3 Nb4 13. g4 Rc8 14. g5 Nxd3+ 15. Qxd3 Nd7 16. Kb1 Nc5 17. Qe3 b4 18. Ne2 Bxe4 19. Qd4 e5 20. Qe3 exf4 21. Nxf4 Qc7 22. Rd2 d5 23. Nh5 Bg6 24. Nxg7 Rfd8 25. Qd4 Nxb3 26. axb3 Bxc2+ 27. Rxc2 Qxc2+ 28. Ka1 Qxb3 29. Rg2 Qa4+ 30. Kb1 Rc4 31. Qd2 b3 32. Bc3 Rdc8 33. Nf5 Rxc3 34. Nxe7+ Kf8 35. Nxd5 Rc1+ 36. Qxc1 Rxc1+ 37. Kxc1 Qa1+ 38. Kd2 Qa2+ 39. Ke3 Qxg2 40. Nf4 Qa2 41. Nd3 b2 42. Nxb2 Qxb2 43. Kf4 Qb4+ 44. Kf5 a5 45. Ne5 Qb5 46. Ke4 a4 47. g6 Qxe5+ 48. Kxe5 a3 0-1

[Event "Titled Tuesday intern op 10th Aug"]
[Site "Chess.com INT"]
[Date "2021.08.10"]
[Round "5"]
[White "Sarkar, Justin"]
[Black "Benyahia, Safine"]
[Result "1/2-1/2"]
[WhiteElo "2338"]
[BlackElo "1536"]
[PlyCount "68"]
[EventDate "2021.08.10"]
[EventType "swiss (blitz)"]
[EventRounds "11"]
[EventCountry "USA"]
[SourceTitle "CBM 203 Extra"]
[Source "ChessBase"]
[SourceDate "2021.09.30"]
[SourceVersion "1"]
[SourceVersionDate "2021.09.30"]
[SourceQuality "1"]

1. d4 Nf6 2. c4 e6 3. Nc3 d5 4. Bg5 Be7 5. e3 0-0 6. Nf3 b6 7. Bd3 Bb7 8. 0-0 c5 9. cxd5 exd5 10. Rc1 h6 11. Bxf6 Bxf6 12. dxc5 bxc5 13. Na4 c4 14. Bb1 Bc6 15. Nc3 Na6 16. Nd4 Bb7 17. Qc2 g6 18. Rfd1 Nc5 19. Qe2 Bg7 20. b4 Nd7 21. Ndb5 Nf6 22. a4 a6 23. Nd4 Qe7 24. b5 axb5 25. axb5 Rfc8 26. Nc6 Bxc6 27. bxc6 Rxc6 28. Nxd5 Nxd5 29. Rxd5 c3 30. e4 Rac8 31. g3 c2 32. Rxc2 Rxc2 33. Bxc2 Qb4 34. Bd3 Qc3 1/2-1/2

[Event "Titled Tuesday intern op 03rd Aug"]
[Site "Chess.com INT"]
[Date "2021.08.03"]
[Round "6"]
[White "Benyahia, Safine"]
[Black "Josse, Mark"]
[Result "0-1"]
[WhiteElo "1536"]
[BlackElo "2235"]
[PlyCount "42"]
[EventDate "2021.08.03"]
[EventType "swiss (blitz)"]
[EventRounds "11"]
[EventCountry "USA"]
[SourceTitle "CBM 203 Extra"]
[Source "ChessBase"]
[SourceDate "2021.09.30"]
[SourceVersion "1"]
[SourceVersionDate "2021.09.30"]
[SourceQuality "1"]

1. e4 c5 2. Nf3 e6 3. d4 cxd4 4. Nxd4 a6 5. Nc3 b5 6. a3 Bb7 7. Be3 Qc7 8. Be2 Nf6 9. f3 d5 10. exd5 Nxd5 11. Nxd5 Bxd5 12. 0-0 Bd6 13. Bxb5+ axb5 14. Nxb5 Bxh2+ 15. Kh1 Qe5 16. f4 Qxe3 17. Nc7+ Kf8 18. Nxa8 Bxf4 19. Qg4 g5 20. Rae1 h5 21. Qh3 Qxh3+ 0-1

[Event "Titled Tuesday intern op 03rd Aug"]
[Site "Chess.com INT"]
[Date "2021.08.03"]
[Round "4"]
[White "Benyahia, Safine"]
[Black "Martin Duque, Jesus"]
[Result "0-1"]
[WhiteElo "1536"]
[BlackElo "2425"]
[PlyCount "32"]
[EventDate "2021.08.03"]
[EventType "swiss (blitz)"]
[EventRounds "11"]
[EventCountry "USA"]
[SourceTitle "CBM 203 Extra"]
[Source "ChessBase"]
[SourceDate "2021.09.30"]
[SourceVersion "1"]
[SourceVersionDate "2021.09.30"]
[SourceQuality "1"]

1. e4 c5 2. Nf3 e6 3. d4 cxd4 4. Nxd4 Nc6 5. Nc3 Qc7 6. Be3 a6 7. a3 b5 8. Be2 Bb7 9. 0-0 Nf6 10. f3 Bd6 11. f4 Bc5 12. e5 Nxd4 13. Bxd4 Ne4 14. Nxe4 Bxe4 15. Bf3 Bxf3 16. Qxf3 Bxd4+ 0-1

[Event "Africa-ch U10"]
[Site "Port Elizabeth"]
[Date "2016.08.26"]
[Round "6"]
[White "Benyahia, Safine"]
[Black "Lwanga, Aguda"]
[Result "1-0"]
[WhiteElo "1359"]
[BlackElo "1070"]
[PlyCount "50"]
[EventDate "2016.08.22"]
[EventType "swiss"]
[EventRounds "9"]
[EventCountry "RSA"]
[SourceTitle "CBM 174 Extra"]
[Source "ChessBase"]
[SourceDate "2016.10.10"]
[SourceVersion "1"]
[SourceVersionDate "2016.10.10"]
[SourceQuality "1"]

1. e4 e5 2. Nf3 Nc6 3. Bb5 a6 4. Ba4 Nf6 5. 0-0 b5 6. Bb3 d6 7. h3 Be7 8. Re1 Na5 9. c3 Nxb3 10. Qxb3 0-0 11. d3 Bb7 12. Nbd2 Re8 13. Nf1 h6 14. Ng3 Nh7 15. Nf5 Bf6 16. Be3 Ng5 17. Qd1 Bc8 18. Ng3 Be6 19. Nxg5 Bxg5 20. Qf3 Rf8 21. Nf5 Qd7 22. g4 Bxf5 23. gxf5 f6 24. Kh2 Rad8 25. Rg1 Rb8 1-0